Movies Quiz

Random Movies or Star Wars Quiz

Odd One Out: Star Wars Quiz Stats

 Plays Quiz Updated Jan 4, 2018

Challenge
Share
Tweet
Embed
Score 0/9 Timer 04:00
4 Plays Today
Answer % Correct
???
94.8%
???
94.3%
???
89.4%
???
84.3%
???
83.2%
???
81.8%
???
77.1%
???
77%
???
62.5%

You're not logged in!

Compare scores with friends on all Sporcle quizzes.
OR
Log In

You Might Also Like...

Show Comments

Extras

Top Quizzes Today


Score Distribution

Your Account Isn't Verified!

In order to create a playlist on Sporcle, you need to verify the email address you used during registration. Go to your Sporcle Settings to finish the process.

Report this User

Report this user for behavior that violates our Community Guidelines.

Details: